000 00416nam a2200145 i 4500
001 bg
100 1 _aJAROSIŃSKI, Zbigniew
245 0 _aLiteratura i nowe społeczeństwo :
_bidee lewicy literackiej dwudziestolecia międzywojennego /
_cZ. Jarosiński.
260 _aWarszawa,
_c1983.
650 9 _aLiteratura polska
040 _cBPK
041 _apol
942 _cKS
008 s pl f |000 0 pol
999 _c22668
_d22668
856 _uhttp://koha.tu.koszalin.pl/cgi-bin/koha/opac-detail.pl?biblionumber=22668
_yKatalog online BPK